<?xml version="1.0" encoding="UTF-8"?><?xml-stylesheet type="text/xsl" href="static/style.xsl"?><OAI-PMH xmlns="http://www.openarchives.org/OAI/2.0/" xmlns:xsi="http://www.w3.org/2001/XMLSchema-instance" xsi:schemaLocation="http://www.openarchives.org/OAI/2.0/ http://www.openarchives.org/OAI/2.0/OAI-PMH.xsd"><responseDate>2026-06-01T19:53:47Z</responseDate><request verb="GetRecord" identifier="oai:riuma.uma.es:10630/22631" metadataPrefix="marc">https://riuma.uma.es/rest/oai/request</request><GetRecord><record><header><identifier>oai:riuma.uma.es:10630/22631</identifier><datestamp>2026-02-03T10:25:12Z</datestamp><setSpec>com_10630_1685</setSpec><setSpec>col_10630_38055</setSpec></header><metadata><record xmlns="http://www.loc.gov/MARC21/slim" xmlns:dcterms="http://purl.org/dc/terms/" xmlns:doc="http://www.lyncode.com/xoai" xmlns:xsi="http://www.w3.org/2001/XMLSchema-instance" xsi:schemaLocation="http://www.loc.gov/MARC21/slim http://www.loc.gov/standards/marcxml/schema/MARC21slim.xsd">
   <leader>00925njm 22002777a 4500</leader>
   <datafield ind2=" " ind1=" " tag="042">
      <subfield code="a">dc</subfield>
   </datafield>
   <datafield ind2=" " ind1=" " tag="720">
      <subfield code="a">Pérez Cobaleda, Alicia</subfield>
      <subfield code="e">author</subfield>
   </datafield>
   <datafield ind2=" " ind1=" " tag="260">
      <subfield code="c">2021-07-12</subfield>
   </datafield>
   <datafield ind2=" " ind1=" " tag="520">
      <subfield code="a">En este proyecto trato la imposición de roles, la obsesión, la tradición, la familia, el recuer-do, el instinto de preservación, la perversión de los valores… a través de una nueva visión del archivo familiar. Tratando de perfeccionar y corregir la fotografía familiar heredada, llego a la destrucción total de ella.&#xd;
Los conceptos citados se ven metafóricamente a través del intento absurdo de limpiar una fotografía con el maltrato material que evidentemente le supone a esta, terminando en su devastación. Este tratamiento, esta violencia ejercida... lo he documentado mediante video, revelándose ante los espectadores cómo el proceso de perfeccionamiento en pos de ensalzar la imagen familiar acaba rompiendo a sus propios integrantes.&#xd;
Originalmente este proyecto estaba ideado para ser expuesto en forma de instalación, donde las fotografías y el video se combinasen junto al espacio formando un ambiente doméstico y tenso, pero debido a la pandemia he desarrollado una simulación.</subfield>
   </datafield>
   <datafield ind1="8" ind2=" " tag="024">
      <subfield code="a">https://hdl.handle.net/10630/22631</subfield>
   </datafield>
   <datafield tag="653" ind2=" " ind1=" ">
      <subfield code="a">Bellas Artes - Trabajos Fin de Grado</subfield>
   </datafield>
   <datafield tag="653" ind2=" " ind1=" ">
      <subfield code="a">Grado en Bellas Artes - Trabajos Fin de Grado</subfield>
   </datafield>
   <datafield tag="653" ind2=" " ind1=" ">
      <subfield code="a">Arte</subfield>
   </datafield>
   <datafield tag="653" ind2=" " ind1=" ">
      <subfield code="a">Fotografía artística</subfield>
   </datafield>
   <datafield ind2="0" ind1="0" tag="245">
      <subfield code="a">Limpieza fotográfica = photography cleaning</subfield>
   </datafield>
</record>
</metadata></record></GetRecord></OAI-PMH>